000 00404nam a2200169Ia 4500
001 17908
003 IN-NITTTR
005 20251114233209.0
008 251113s9999||||xx |||||||||||||| ||eng||
040 _beng
040 _cIN-NITTTR
041 _aeng
082 _a006.4 M58S
100 _aMiclet, Laurent
245 0 _aStructural methods in pattern recognition /
_cMiclet, Laurent
942 _2ddc
_cBK
999 _c20542
_d20542